LEADER 00840nam0-2200313---450- 001 990009303230403321 005 20110104111938.0 035 $a000930323 035 $aFED01000930323 035 $a(Aleph)000930323FED01 035 $a000930323 100 $a20110104d1969----km-y0itay50------ba 101 0 $aeng 102 $aUS 105 $ay-------001yy 200 1 $aMatrix algebra$ea programmed introduction$fRichard C. Dorf 210 $aNew York [etc.]$cWiley$d1969 215 $aviii, 260 p.$d23 cm 610 0 $aAlgebra 610 0 $aTeoria delle equazioni 610 0 $aCalcolo vettoriale 700 1$aDorf,$bRichard C.$022966 801 0$aIT$bUNINA$gRICA$2UNIMARC 901 $aBK 912 $a990009303230403321 952 $a10-001 AFV$bF.V.93$fFI1 959 $aFI1 996 $aMatrix algebra$9770922 997 $aUNINA LEADER 03069oas 2201117 a 450 001 9910216951703321 005 20250829213014.0 011 $a1536-0725 035 $a(DE-599)ZDB2078188-X 035 $a(OCoLC)39502300 035 $a(CONSER) 2001213410 035 $a(CKB)110978979121023 035 $a(EXLCZ)99110978979121023 100 $a19980717a19899999 uy a 101 0 $aeng 135 $aurmnu|||||||| 181 $ctxt$2rdacontent 182 $cc$2rdamedia 183 $acr$2rdacarrier 200 00$aAssessment update 210 $a[San Francisco, CA] $c[Jossey-Bass] $cJohn Wiley & Sons 215 $a1 online resource 300 $a"Progress, trends, and practices in higher education." 300 $aPublished: [San Francisco, CA : Jossey-Bass] : Wiley Periodicals, Inc., <2005-> 300 $aEach issue has also a distinctive title, <2005-> 311 08$a1041-6099 606 $aEducation, Higher$zUnited States$xEvaluation$vPeriodicals 606 $aEducational evaluation$zUnited States$vPeriodicals 606 $aEnseignement supe?rieur$zE?tats-Unis$xE?valuation$vPe?riodiques 606 $aE?valuation en e?ducation$zE?tats-Unis$vPe?riodiques 606 $aHigher Education$2ebps 606 $aAcademic Testing$2ebps 606 $aEducation, Higher$xEvaluation$2fast$3(OCoLC)fst00903055 606 $aEducational evaluation$2fast$3(OCoLC)fst00903437 606 $aHoger onderwijs$2gtt 606 $aBeoordelingstechnieken$2gtt 607 $aUnited States$2fast$1https://id.oclc.org/worldcat/entity/E39PBJtxgQXMWqmjMjjwXRHgrq 608 $aPeriodicals.$2fast 615 0$aEducation, Higher$xEvaluation 615 0$aEducational evaluation 615 6$aEnseignement supe?rieur$xE?valuation 615 6$aE?valuation en e?ducation 615 7$aHigher Education. 615 7$aAcademic Testing. 615 7$aEducation, Higher$xEvaluation. 615 7$aEducational evaluation. 615 17$aHoger onderwijs. 615 17$aBeoordelingstechnieken. 676 $a379 676 $a378.973 801 0$bF#A 801 1$bF#A 801 2$bOCL 801 2$bNSD 801 2$bOCLCQ 801 2$bOCLCS 801 2$bDLC 801 2$bOCLCQ 801 2$bIUL 801 2$bU9S 801 2$bHEBIS 801 2$bDLC 801 2$bUKMGB 801 2$bOCLCQ 801 2$bOCLCO 801 2$bOCLCQ 801 2$bOCLCF 801 2$bSCB 801 2$bOCLCO 801 2$bVT2 801 2$bOCLCQ 801 2$bWT2 801 2$bNLE 801 2$bOCLCQ 801 2$bEZC 801 2$bOCLCQ 801 2$bAU@ 801 2$bOCLCQ 801 2$bU3W 801 2$bNJT 801 2$bOCLCQ 801 2$bUKBTH 801 2$bOCLCO 801 2$bSFB 801 2$bSRU 801 2$bOCLCQ 801 2$bCUS 801 2$bOCLCL 801 2$bCSU 801 2$bLIP 801 2$bUEJ 801 2$bOCLCQ 906 $aJOURNAL 912 $a9910216951703321 996 $aAssessment update$92054115 997 $aUNINA LEADER 03400nam 2200625 a 450 001 9910966191103321 005 20251117094625.0 010 $a1-283-36598-7 010 $a9786613365989 010 $a90-04-21443-7 024 7 $a10.1163/9789004214439 035 $a(CKB)2550000000073711 035 $a(EBL)1010599 035 $a(OCoLC)775468405 035 $a(SSID)ssj0000566186 035 $a(PQKBManifestationID)11973694 035 $a(PQKBTitleCode)TC0000566186 035 $a(PQKBWorkID)10534213 035 $a(PQKB)11731336 035 $a(MiAaPQ)EBC1010599 035 $a(nllekb)BRILL9789004214439 035 $a(Au-PeEL)EBL1010599 035 $a(CaPaEBR)ebr10518818 035 $a(CaONFJC)MIL336598 035 $a(PPN)170736113 035 $a(EXLCZ)992550000000073711 100 $a20110915d2012 uy 0 101 0 $aeng 135 $aur||||||||||| 181 $ctxt$2rdacontent 182 $cc$2rdamedia 183 $acr$2rdacarrier 200 10$aTextual research on the Psalms and Gospels $epapers from the Tbilisi Colloquium on the Editing and History of Biblical Manuscripts /$fedited by Christian-B. Amphoux, J. Keith Elliott, with Bernard Outtier = Recherches textuelles sur les Psaumes et les Evangiles : actes du colloque de Tbilisi, 19-20 septembre 2007 / [edite? par] Christian-B. Amphoux, J. Keith Elliott, avec Bernard Outtier 205 $a1st ed. 210 $aLeiden ;$aBoston $cBrill$d2012 215 $a1 online resource (298 pages) 225 1 $aSupplements to Novum Testamentum,$x0167-9732 ;$vv. 142 300 $aDescription based upon print version of record. 311 08$a90-04-20927-1 320 $aIncludes bibliographical references and indexes. 327 $apt. 1. The Psalms = Psaumes -- pt. 2. The gospels = E?vangiles. 330 $aRecent research on the text of the Psalms and Gospels in Greek and in certain versions, principally Coptic, Georgian and Armenian, reveals common characteristics when attempting to separate later editions of a text from its earliest forms. The essays in this collection give concrete examples of the issues involved and suggested explanations for textual changes. Les versions anciennes de la Bible ont un intérêt majeur dans la mesure où elles traduisent un modèle qui n'est pas celui des traductions modernes et conservent ainsi des formes textuelles disparues, souvent très anciennes. C'est en particulier le cas des versions géorgiennes, pour lesquelles des convergences sont apparues entre les recherches menées à Tbilisi et dans diverses équipes européennes. Centré sur les psaumes et les évangiles, le colloque a réuni des communications concernant diverses langues de versions anciennes, en particulier le géogien, mais aussi le copte, le syriaque, l'arménien et l'albanien du Caucase, à partir du grec de la Septante et du Nouveau Testament. 410 0$aSupplements to Novum Testamentum ;$vv. 142. 517 3 $aRecherches textuelles sur les Psaumes et les Evangiles 676 $a226/.4046 701 $aAmphoux$b Christian-Bernard$01862039 701 $aElliott$b J. K$g(James Keith)$0171578 701 $aOuttier$b Bernard$f1941-$0292893 801 0$bMiAaPQ 801 1$bMiAaPQ 801 2$bMiAaPQ 906 $aBOOK 912 $a9910966191103321 996 $aTextual research on the Psalms and Gospels$94468292 997 $aUNINA